000 00602nam a2200217Ia 4500
005 20241129104407.0
008 241129s9999||||xx |||||||||||||| ||und||
020 _a9789395401630
037 _aTextual
040 _aRTL
_beng
_cRTL
041 _aeng
_2eng
084 _aY:1 R4
_qRTL
100 _aPuri Sidhartha
_9726182
245 0 _aTheories of culture and society
_cPuri Sidhartha
260 _aNew Delhi
_bRajat Publications
_c2024
300 _axii,276p.
365 _aINR
_b1550
650 _aCulture and Society
_9726183
942 _cTB
_hY:1 R4
999 _c1225707
_d1225707